000 01083cam a2200193 4500
001 L129875
008 050601n2005 000 0 eng u
035 _a(Sirsi) u129875
041 _aeng
050 _a690.22
_c18
110 _aStrategic Forum for Construction
_94358
245 _aRespect for People - RfP
_bcode of good working health and safety practices
260 _a[S.I.]
_bStrategic Forum for Construction
_c2005
520 _aThis code outlines how everyone in the construction sector can contribute to the Respect for People (RfP) health and safety agenda, through partnership that secures decent on-site working conditions and respects the communities where construction work is carried out. The code contains the RfP vision and mission, key actions for stakeholders, advice on implementing the code, and advice on key issues that should be addressed.
590 _aIKA070605
690 _aMANAGEMENT-HEALTH AND SAFETY
856 _uhttps://www.strategicforum.org.uk/pdf/codeofpractice.pdf
_zView the item free of charge at www.strategicforum.org.uk
942 _n0
999 _c104299
_d104299